| 000 | 00925nam a22002297a 4500 | ||
|---|---|---|---|
| 005 | 20240530110548.0 | ||
| 008 | 160210s2013 su a g b 000 0 ara d | ||
| 017 |
_a1433/7949 _bالسعودية . مكتبة الملك فهد الوطنية |
||
| 020 | _a9786038120378 | ||
| 040 | _aEG-CaGPL | ||
| 082 | 0 | 4 |
_221 _a320.011\ _bم ت |
| 100 | 0 | _aمحمد احمد العدوى . | |
| 245 | 1 | 2 |
_aالتنمية السياسية : _bالاطر النظرية و القضايا فى القرن الحادى و العشرين / _cمحمد احمد العدوى . |
| 250 | _aط1. | ||
| 260 |
_aالرياض : _bدار الزهراء ، _c2013 . |
||
| 300 |
_a307 ص ؛ _c24 سم . |
||
| 504 | _aيشتمل على ارجاعات ببليوجرافية . | ||
| 650 | 0 | 4 | _aالتنمية السياسية . |
| 650 | 0 | 4 | _aالمشاركة السياسية . |
| 942 |
_2ddc _cBK |
||
| 999 |
_c62407 _d62407 |
||